000 00315nam a22001457a 4500
008 210511b ||||| |||| 00| 0 eng d
020 _a9780072131789
041 _aeng
080 _a004
082 _a004
100 _a28
101 _aSHK
245 _aCascading Style Sheets 2.0
_cMeyer,E.A
942 _2udc
_cBK
999 _c57169
_d57169